UBT Library

Biochemistry / (Record no. 44432)

000 -LEADER
fixed length control field 00568cam a2200229 i 4500
001 - CONTROL NUMBER
control field 1827191
005 - DATE AND TIME OF LATEST TRANSACTION
control field 20180308045342.0
008 - FIXED-LENGTH DATA ELEMENTS--GENERAL INFORMATION
fixed length control field 800926s1981 caua b 001 0 eng
010 ## - LIBRARY OF CONGRESS CONTROL NUMBER
LC control number 80024699
020 ## - INTERNATIONAL STANDARD BOOK NUMBER
International Standard Book Number 0716712261
040 ## - CATALOGING SOURCE
Original cataloging agency DLC
Transcribing agency DLC
Modifying agency DLC
041 ## - LANGUAGE CODE
Language code of text/sound track or separate title eng
060 ## - NATIONAL LIBRARY OF MEDICINE CALL NUMBER
Classification number QU4 S928b
080 ## - UNIVERSAL DECIMAL CLASSIFICATION NUMBER
Universal Decimal Classification number 574.192 LUB
082 00 - DEWEY DECIMAL CLASSIFICATION NUMBER
Classification number 574.192 LUB
Edition number 19
100 1# - Rafti
Rafti 7
101 ## - Shkurtesa
Shkurtesa BIO
245 10 - TITLE STATEMENT
Title Biochemistry /
Statement of responsibility, etc Lubert Stryer.
504 ## - BIBLIOGRAPHY, ETC. NOTE
Bibliography, etc Includes bibliographies and index.
906 ## - LOCAL DATA ELEMENT F, LDF (RLIN)
a 7
b cbc
c orignew
d u
e ocip
f 19
g y-gencatlg
942 ## - ADDED ENTRY ELEMENTS (KOHA)
Source of classification or shelving scheme
Item type Books
Holdings
Withdrawn status Lost status Source of classification or shelving scheme Damaged status Not for loan Collection code Permanent location Current location Shelving location Date acquired Total Checkouts Full call number Barcode Date last seen Price effective from Koha item type
          Koleksioni i përgjithshem UBT - Lipjan UBT - Lipjan Koleksioni i përgjithshem 03/08/2018   574.192 LUB 002-3001352 03/08/2018 03/08/2018 Books
UBT Library © 2015-2024. All rights reserved University Education for Business and Technology